Leader xxxxxxxxxx
001 __ PCLIS00042148
005 __ 20210727082806.0
009 __ |a(CIP)94024258
010 0_ |a986-127-570-3|b平裝|dNT$220|z978-986-127-569-7
042 __ |anbic
042 __ |anbi9803bps
090 __ |a(nbi)b83841386
100 __ |a20060324d2006 m y0chiy09 e
101 0_ |achi
102 __ |atw
105 __ |ay z 000cy
200 1_ |a孽障 還不現出原形|f布魯斯作
210 __ |a臺北市|c華文網|d2006[民95]
215 0_ |a239面|d21公分
225 1_ |aTig|v1
225 1_ |aThing
300 __ |a題名取自版權頁
330 __ |a"作者為一資深網路行銷人員,曾任電視台業務主管、入口網站行銷協理等職,在經過十多年上班族生涯後,毅然辭去高薪工作,轉行到台北市東區當起夜店老闆,過著日落而出、日出而息的夜貓新生活。本書取材自作者於奇摩交友上的網路日記。當中記載04-05年間經歷離職、籌備開店、好友過逝等風波,還有更多對時事新聞、社會現象的私觀察,其筆調幽默尖酸,在透露小市民無奈的同時,還有更多對未來的期待、對人性光明面的肯定,推薦給所有苦悶的上班族、痛苦指數過高的老百姓…"--華文網
512 1_ |a孽障!還不現出原形|zchi
681 __ |a855.486|b8565
681 __ |a855.486|b4024a|y95
700 _0 |a布魯斯|4作
801 _0 |atw|b靜宜|c20090630|gCCR
801 _1 |atw|b內湖高中|c20100506
801 _2 |atw|b內湖高中|c20100727|gCCR
|